[Event "Montigny le Bretonneux Noel op 18th"]
[Site "Montigny le Bretonneux"]
[Date "2017.12.27"]
[Round "1"]
[White "Artieres, Michel"]
[Black "Thomas, Robert"]
[Result "1-0"]
[WhiteElo "1763"]
[BlackElo "1330"]
[PlyCount "75"]
[EventDate "2017.12.26"]
[EventType "swiss"]
[EventRounds "7"]
[EventCountry "FRA"]
[SourceTitle "CBM 182 Extra"]
[Source "ChessBase"]
[SourceDate "2018.02.23"]
[SourceVersion "1"]
[SourceVersionDate "2018.02.23"]
[SourceQuality "1"]

1. e4 c5 2. Nf3 d6 3. d4 cxd4 4. Nxd4 Nf6 5. Nc3 a6 6. Be3 e5 7. Nb3 Be7 8. Be2 Nc6 9. g4 h6 10. f3 Be6 11. Qd2 Bxb3 12. cxb3 Qc7 13. Nd5 Nxd5 14. exd5 Bh4+ 15. Kf1 Nd8 16. Rc1 Qe7 17. Bd3 0-0 18. Bxh6 Qf6 19. Be3 Qxf3+ 20. Kg1 Qxg4+ 21. Qg2 Qxg2+ 22. Kxg2 f5 23. Rc7 e4 24. Bb1 Rf6 25. Kh3 f4 26. Bd4 Bg5 27. Bxf6 Bxf6 28. Bxe4 Nf7 29. Kg2 Ne5 30. Rhc1 f3+ 31. Bxf3 Nxf3 32. Rc8+ Rxc8 33. Rxc8+ Kh7 34. Kxf3 b5 35. Rc6 Bxb2 36. Rxd6 a5 37. Rb6 b4 38. Rb5 1-0

[Event "Montigny le Bretonneux Noel op 17th"]
[Site "Montigny le Bretonneux"]
[Date "2016.12.28"]
[Round "3"]
[White "Thomas, Robert"]
[Black "Fruchard, Alois"]
[Result "1-0"]
[WhiteElo "1348"]
[BlackElo "1174"]
[PlyCount "55"]
[EventDate "2016.12.26"]
[EventType "swiss"]
[EventRounds "7"]
[EventCountry "FRA"]
[SourceTitle "CBM 176 Extra"]
[Source "ChessBase"]
[SourceDate "2017.03.02"]
[SourceVersion "1"]
[SourceVersionDate "2017.03.02"]
[SourceQuality "1"]

1. e4 e6 2. d4 d5 3. e5 c5 4. c3 Nc6 5. Nf3 Qb6 6. a3 a5 7. Bd3 cxd4 8. cxd4 Nxd4 9. Nxd4 Qxd4 10. Bb5+ Bd7 11. Bxd7+ Kxd7 12. Qxd4 Rc8 13. 0-0 Bc5 14. Qa4+ Rc6 15. Nc3 Ne7 16. Qxa5 Nf5 17. Qb5 Rb8 18. Na4 b6 19. Nxc5+ Ke7 20. Qxc6 bxc5 21. Qc7+ Ke8 22. Qxb8+ Kd7 23. Qb7+ Ke8 24. Bg5 h6 25. Be3 d4 26. Bd2 f6 27. Qc8+ Kf7 28. Qxc5 1-0

[Event "Montigny le Bretonneux Noel op 16th"]
[Site "Montigny le Bretonneux"]
[Date "2015.12.29"]
[Round "5"]
[White "Immele, Herve"]
[Black "Thomas, Robert"]
[Result "1-0"]
[WhiteElo "1570"]
[BlackElo "1345"]
[PlyCount "91"]
[EventDate "2015.12.27"]
[EventType "swiss"]
[EventRounds "7"]
[EventCountry "FRA"]
[SourceTitle "CBM 170 Extra"]
[Source "ChessBase"]
[SourceDate "2016.02.25"]
[SourceVersion "1"]
[SourceVersionDate "2016.02.25"]
[SourceQuality "1"]

1. e4 c5 2. Nc3 d6 3. Nf3 Nf6 4. d3 e6 5. Be2 Be7 6. Bd2 Nc6 7. a3 a6 8. Qc1 0-0 9. Bf4 e5 10. Bg3 Nh5 11. Qd2 b5 12. Nd5 Be6 13. Nxe7+ Nxe7 14. Ng5 Nf6 15. 0-0-0 Bd7 16. f4 h6 17. fxe5 dxe5 18. Nf3 Nc6 19. Nxe5 Nxe5 20. Bxe5 Ng4 21. Bxg4 Bxg4 22. Rdf1 f6 23. Bg3 Qe7 24. Qf4 Be6 25. Qd6 Qf7 26. Qxc5 Rac8 27. Qb4 Qg6 28. Rf2 Rfd8 29. Kb1 Qf7 30. e5 f5 31. Rhf1 Qc7 32. Rd1 Rf8 33. Re2 f4 34. Be1 Bg4 35. Qb3+ Kh8 36. Rdd2 Bxe2 37. Rxe2 f3 38. gxf3 Rxf3 39. Bc3 Rf1+ 40. Ka2 Rff8 41. e6 Rfe8 42. Rg2 Rg8 43. Qb4 Qc6 44. Qg4 Rc7 45. Qg6 Re7 46. Qxh6# 1-0

[Event "Montigny le Bretonneux Noel op 16th"]
[Site "Montigny le Bretonneux"]
[Date "2015.12.28"]
[Round "3"]
[White "Thomas, Robert"]
[Black "Levier, Jean Francois"]
[Result "0-1"]
[WhiteElo "1345"]
[BlackElo "1458"]
[PlyCount "88"]
[EventDate "2015.12.27"]
[EventType "swiss"]
[EventRounds "7"]
[EventCountry "FRA"]
[SourceTitle "CBM 170 Extra"]
[Source "ChessBase"]
[SourceDate "2016.02.25"]
[SourceVersion "1"]
[SourceVersionDate "2016.02.25"]
[SourceQuality "1"]

1. e4 c5 2. Nf3 d6 3. h3 e5 4. Nc3 Nf6 5. Bc4 h6 6. a3 a6 7. d3 Be7 8. 0-0 b5 9. Ba2 Nc6 10. Nd5 Nxd5 11. Bxd5 Qc7 12. Bd2 0-0 13. c3 Rb8 14. Rb1 Na5 15. b4 Nb7 16. Rc1 Kh7 17. c4 f5 18. exf5 Bxf5 19. Be4 Bxe4 20. dxe4 Nd8 21. Be3 Ne6 22. Qd5 Qc8 23. Nh2 Nc7 24. Qd2 Qb7 25. f3 Ne6 26. Ng4 Nd4 27. Bxd4 cxd4 28. c5 Bg5 29. Qd3 Bxc1 30. Rxc1 dxc5 31. Rxc5 Rbe8 32. Nxe5 Rc8 33. Rd5 Rc1+ 34. Kh2 Qb8 35. Qxd4 Rc4 36. Qb2 Rfc8 37. f4 Rc2 38. Qb1 Re2 39. Nd3 Rcc2 40. Kg3 Qe8 41. e5 Re3+ 42. Kh2 Ree2 43. Kg3 Qg6+ 44. Kf3 Qxg2# 0-1

[Event "Unterfranken-ch H1 46th"]
[Site "Karlburg"]
[Date "1995.??.??"]
[Round "?"]
[White "Schwarzenbrunner, Klaus"]
[Black "Thomas, Robert"]
[Result "1-0"]
[WhiteElo "1841"]
[BlackElo "1698"]
[PlyCount "47"]
[EventDate "1995.04.17"]
[EventType "swiss"]
[EventRounds "9"]
[EventCountry "GER"]
[SourceTitle "EXT 2015"]
[Source "ChessBase"]
[SourceDate "2014.11.20"]
[SourceVersion "1"]
[SourceVersionDate "2014.11.20"]
[SourceQuality "1"]

1. d4 e6 2. c4 d5 3. Nc3 c5 4. e3 cxd4 5. exd4 Bb4 6. Nf3 Nc6 7. Bd3 Nge7 8. 0-0 h6 9. Re1 Bxc3 10. bxc3 a6 11. cxd5 Nxd5 12. Ba3 b5 13. Qc2 Qc7 14. Bc5 Nce7 15. c4 bxc4 16. Bxc4 Bb7 17. Rac1 Rc8 18. Qd3 0-0 19. Bxd5 Bxd5 20. Qa3 Nc6 21. Bxf8 Rxf8 22. Qxa6 Rc8 23. Ne5 Qd6 24. Qxc8+ 1-0

[Event "Unterfranken-ch H1 46th"]
[Site "Karlburg"]
[Date "1995.??.??"]
[Round "?"]
[White "Thomas, Robert"]
[Black "Kirchner, Michael"]
[Result "1-0"]
[WhiteElo "1698"]
[BlackElo "1532"]
[PlyCount "81"]
[EventDate "1995.04.17"]
[EventType "swiss"]
[EventRounds "9"]
[EventCountry "GER"]
[SourceTitle "EXT 2015"]
[Source "ChessBase"]
[SourceDate "2014.11.20"]
[SourceVersion "1"]
[SourceVersionDate "2014.11.20"]
[SourceQuality "1"]

1. c4 c5 2. Nc3 Nc6 3. Nf3 g6 4. a3 a5 5. e4 Bg7 6. Ne2 e6 7. d4 cxd4 8. Nexd4 Nge7 9. Be3 d5 10. cxd5 exd5 11. Bd3 0-0 12. 0-0 dxe4 13. Bxe4 Nxd4 14. Nxd4 Nd5 15. Bxd5 Qxd5 16. Qd2 b5 17. Rad1 Bb7 18. f3 Rfe8 19. Bf2 Bf8 20. Rfe1 b4 21. Rxe8 Rxe8 22. axb4 Bxb4 23. Qd3 Qd6 24. Bg3 Qb6 25. Bf2 Qd6 26. Qb5 Qb8 27. Bg3 Qa8 28. h3 Ba6 29. Qg5 Qd8 30. Qc1 Qb6 31. Kh1 Rc8 32. Qf4 Rd8 33. Bf2 Bc5 34. Qe4 Qxb2 35. Bg1 Qb7 36. Qe1 Qd7 37. Qxa5 Qc8 38. Rc1 Rd5 39. Nb3 Qf5 40. Rxc5 Rxc5 41. Nxc5 1-0

[Event "Unterfranken-ch H1 46th"]
[Site "Karlburg"]
[Date "1995.??.??"]
[Round "?"]
[White "Thomas, Robert"]
[Black "Matis, Paul"]
[Result "1/2-1/2"]
[WhiteElo "1698"]
[BlackElo "1791"]
[PlyCount "120"]
[EventDate "1995.04.17"]
[EventType "swiss"]
[EventRounds "9"]
[EventCountry "GER"]
[SourceTitle "EXT 2015"]
[Source "ChessBase"]
[SourceDate "2014.11.20"]
[SourceVersion "1"]
[SourceVersionDate "2014.11.20"]
[SourceQuality "1"]

1. c4 Nf6 2. Nc3 g6 3. d4 Bg7 4. e4 0-0 5. Nf3 d6 6. Be2 Bg4 7. 0-0 Bxf3 8. Bxf3 e5 9. d5 Nbd7 10. Be3 a6 11. a4 Ne8 12. Qc2 Qh4 13. Qd2 Qd8 14. g3 Nc5 15. Qc2 h5 16. b4 Nd7 17. Bg2 Kh7 18. f4 Bh6 19. Ne2 Ng7 20. Qd2 exf4 21. Nxf4 Ne5 22. Qc2 b6 23. Kh1 h4 24. Ra3 hxg3 25. Bc1 Kg8 26. Rxg3 Bxf4 27. Bxf4 Nh5 28. Rh3 Nxf4 29. Rxf4 Qg5 30. Rfh4 Kg7 31. Rh7+ Kf6 32. Qf2+ Ke7 33. Bf1 Qf6 34. Qxf6+ Kxf6 35. R3h4 c5 36. dxc6 Nxc6 37. Rf4+ Ke7 38. b5 axb5 39. cxb5 Ne5 40. Rh3 Rfc8 41. Ra3 Rc2 42. Kg1 g5 43. Rf2 Rxf2 44. Kxf2 Ng6 45. Bg2 Ra7 46. Bf3 Kf6 47. Rd3 Ke7 48. Rc3 Ne5 49. Bd1 Kd7 50. Ra3 Rc7 51. a5 Nc4 52. Bg4+ Kd8 53. axb6 Nxa3 54. bxc7+ Kxc7 55. Be2 Kb6 56. Kg3 Nxb5 57. Kg4 f6 58. h4 gxh4 59. Kxh4 Nc3 60. Bf3 Kc5 1/2-1/2

[Event "Unterfranken-ch H1 46th"]
[Site "Karlburg"]
[Date "1995.??.??"]
[Round "?"]
[White "Weyer, Christian"]
[Black "Thomas, Robert"]
[Result "0-1"]
[WhiteElo "1588"]
[BlackElo "1698"]
[PlyCount "108"]
[EventDate "1995.04.17"]
[EventType "swiss"]
[EventRounds "9"]
[EventCountry "GER"]
[SourceTitle "EXT 2015"]
[Source "ChessBase"]
[SourceDate "2014.11.20"]
[SourceVersion "1"]
[SourceVersionDate "2014.11.20"]
[SourceQuality "1"]

1. e4 e6 2. d3 d5 3. Nc3 Bb4 4. Bd2 c5 5. Nce2 Bxd2+ 6. Qxd2 dxe4 7. dxe4 Qxd2+ 8. Kxd2 Nf6 9. Nc3 a6 10. Bd3 0-0 11. f3 b5 12. e5 Nfd7 13. Be4 Ra7 14. f4 Nb6 15. b3 Rd7+ 16. Ke3 Rfd8 17. Nf3 b4 18. Nd1 Nd5+ 19. Bxd5 Rxd5 20. Nb2 Bb7 21. Rhd1 Kf8 22. h4 Bc6 23. g3 Ke7 24. Rd3 Bb5 25. Rxd5 exd5 26. a4 d4+ 27. Kd2 Bc6 28. Ne1 Bd5 29. Kd3 f6 30. Nc4 Nd7 31. exf6+ Kxf6 32. Nd6 Ke6 33. Ne4 Kf5 34. Nd6+ Kg4 35. Kd2 Nf6 36. Nc4 Bxc4 37. bxc4 Kxg3 38. Nd3 Ne4+ 39. Ke2 Nc3+ 40. Kf1 Ne4 41. Re1 Re8 42. Re2 Kxh4 43. Kg2 g5 44. Nxc5 Nd6 45. Rxe8 Nxe8 46. Nxa6 d3 47. cxd3 b3 48. fxg5 b2 49. g6 hxg6 50. Nc5 b1Q 51. Kf3 Qf1+ 52. Ke4 Nc7 53. a5 Qf5+ 54. Kd4 Qf2+ 0-1